Hodnotenie očnej fototoxicity vybraných farmaceutík: in vitro a in silico prístupy

Guardado en:
Detalles Bibliográficos
Autor principal: Palenčárová, Adriena Milana (Autor)
Otros Autores: Kanďárová, Helena (Orientador)
Formato: Manuscrito Libro
Lenguaje:eslovaco
Publicado: 2025
Materias:
Acceso en línea:http://is.stuba.sk/zp/portal_zp.pl?podrobnosti=183484
Etiquetas: Agregar Etiqueta
Sin Etiquetas, Sea el primero en etiquetar este registro!

MARC

LEADER 00000ntm a22000003a 4500
001 stuzp105381
003 SK-STU
005 20250607211443.2
007 ta
008 150427s2015----xo-----f-mn---000-0-slo-d
040 |a STU  |b slo 
041 0 |a slo 
100 1 |a Palenčárová, Adriena Milana  |u 043000  |4 aut  |U FCHPT Fakulta chemickej a potravinárskej technológie  |T FCHPT Ústav biochémie a mikrobiológie  |X 110594  |U C3000  |Y 101  |7 110594 
242 0 1 |a Evaluation of ocular phototoxicity of selected pharmaceuticals: in vitro and in silico approaches  |y eng 
245 1 0 |a Hodnotenie očnej fototoxicity vybraných farmaceutík: in vitro a in silico prístupy 
260 |c 2025 
650 4 |a in vitro  |2 eng 
650 4 |a eye irritation  |2 eng 
650 4 |a phototoxicity  |2 eng 
650 4 |a reconstitued cornea  |2 eng 
650 4 |a in silico  |2 eng 
650 4 |a in silico  |2 slo 
650 4 |a in vitro  |2 slo 
650 4 |a očná dráždivosť  |2 slo 
650 4 |a fototoxicita  |2 slo 
650 4 |a rekonštituovaná rohovka  |2 slo 
700 1 |a Kanďárová, Helena  |u 043000  |k Z1  |4 ths  |U FCHPT Fakulta chemickej a potravinárskej technológie  |T FCHPT Ústav biochémie a mikrobiológie  |X 108539  |U C3000  |Y 101  |7 108539 
856 4 |u http://is.stuba.sk/zp/portal_zp.pl?podrobnosti=183484